An introduction to engineered software / (Record no. 176522)
[ view plain ]
| 000 -LEADER | |
|---|---|
| fixed length control field | 00890 a2200217 4500 |
| 003 - CONTROL NUMBER IDENTIFIER | |
| control field | Nust |
| 005 - DATE AND TIME OF LATEST TRANSACTION | |
| control field | 20240102143054.0 |
| 010 ## - LIBRARY OF CONGRESS CONTROL NUMBER | |
| LC control number | 81013253 |
| 020 ## - INTERNATIONAL STANDARD BOOK NUMBER | |
| International Standard Book Number | 0030569028 |
| 040 ## - CATALOGING SOURCE | |
| Transcribing agency | Nust |
| 082 00 - DEWEY DECIMAL CLASSIFICATION NUMBER | |
| Classification number | 005.1,GIL |
| 100 1# - MAIN ENTRY--PERSONAL NAME | |
| Personal name | Gillett, Will D. |
| 9 (RLIN) | 119824 |
| 245 13 - TITLE STATEMENT | |
| Title | An introduction to engineered software / |
| Statement of responsibility, etc. | Will D. Gillett, Seymour V. Pollack. |
| 260 ## - PUBLICATION, DISTRIBUTION, ETC. | |
| Place of publication, distribution, etc. | New York : |
| Name of publisher, distributor, etc. | Holt, Rinehart, and Winston, |
| Date of publication, distribution, etc. | 1982. |
| 300 ## - PHYSICAL DESCRIPTION | |
| Extent | x, 322 p. : |
| Other physical details | ill. ; |
| Dimensions | 24 cm. |
| 440 #0 - SERIES STATEMENT/ADDED ENTRY--TITLE | |
| Title | HRW series in computer science |
| 9 (RLIN) | 119825 |
| 505 ## - FORMATTED CONTENTS NOTE | |
| Formatted contents note | Programs as Products (Page-1), The Structured Design Process (Page-19), Case Study-A Design (Page-59), Structured Programming (Page-137), Case Study –an Implementation (Page-161), Modular Program Philosophy (Page-213), The Design of Program Modules (Page-239). |
| 650 #0 - SUBJECT ADDED ENTRY--TOPICAL TERM | |
| Topical term or geographic name entry element | Computer programming. |
| 700 1# - ADDED ENTRY--PERSONAL NAME | |
| Personal name | Pollack, Seymour V. |
| 9 (RLIN) | 119826 |
| 942 ## - ADDED ENTRY ELEMENTS (KOHA) | |
| Source of classification or shelving scheme | |
| Koha item type | Book |
| Withdrawn status | Lost status | Source of classification or shelving scheme | Damaged status | Not for loan | Permanent Location | Current Location | Shelving location | Date acquired | Full call number | Barcode | Date last seen | Price effective from | Koha item type | Public note |
|---|---|---|---|---|---|---|---|---|---|---|---|---|---|---|
| Military College of Signals (MCS) | Military College of Signals (MCS) | General Stacks | 12/12/2016 | 005.1,GIL | MCS2540 | 12/08/2016 | 12/12/2016 | Book | Almirah No.3, Shelf No.4 |
